| 000 | 00955nam a2200313 i 4500 | ||
|---|---|---|---|
| 001 | 200461091 | ||
| 003 | TR-AnTOB | ||
| 005 | 20240925073650.0 | ||
| 007 | ta | ||
| 008 | 240613s1999 tu 000 1 tur d | ||
| 035 | _a(TR-AnTOB)200461091 | ||
| 040 |
_aTR-AnTOB _beng _erda _cTR-AnTOB |
||
| 041 | 1 |
_atur _hfre |
|
| 050 | 4 |
_aPQ2408 _b.M319 1999 |
|
| 090 |
_aPQ2408 _b.M319 1999 |
||
| 100 | 1 |
_aSand, George, _d1804-1876 _eauthor _912306 |
|
| 240 | 1 | 0 |
_aLa mare an diable. _lTurkish |
| 245 | 1 | 0 |
_aŞeytanlı göl / _cGeorge Sand ; Fransızca'dan çeviren: Kemal Demiray. |
| 264 | 1 |
_aİstanbul : _bCumhuriyet, _c1999. |
|
| 300 |
_a160 pages ; _c18 cm |
||
| 336 |
_atext _btxt _2rdacontent |
||
| 337 |
_aunmediated _bn _2rdamedia |
||
| 338 |
_avolume _bnc _2rdacarrier |
||
| 490 |
_aDünya Klasikleri Dizisi ; _v12 |
||
| 650 | 0 |
_aFransız romanı _926627 |
|
| 700 | 1 |
_aDemiray, Kemal _etranslator _914422 |
|
| 942 |
_2lcc _cBK |
||
| 999 |
_c200461091 _d79303 |
||